000 00880nam0a22002651 4500
001 v19\rc\1711110
005 20250619033923.0
035 _a(NLR Aleph) 004810918
090 _a4927565
_c4927565
100 _a20061002d1899 |||y0rusy50 ca
101 0 _arus
102 _aRU
105 _aa z |||||
200 1 _aСв. мученик Иоанн воин
210 _aМосква
_cОтд. распространения духовно-нравств. книг при Моск. о-ве любит. духовн. просвещения
_d1899
215 _a16 с.
_cил.
_d14
532 1 2 _aСвятой мученик Иоанн воин
702 0 _aИоанн Воин
_cсв.
_4570
801 0 _aRU
_bNLR
_gpsbo
801 0 _aRU
_bRuMoRGB
_2psbo
801 1 _aRU
_bProSoft-M
_2rusmarc
852 _aNLR
_j20.100.5.89
899 _aRuMoRGB
_jF 66/197
942 _cBOOK
980 _aNB